| 000 | 00335nam a2200121Ia 4500 | ||
|---|---|---|---|
| 008 | 190216s9999||||xx |||||||||||||| ||und|| | ||
| 100 | _aIndian Academy Of Sciences | ||
| 245 | 0 | _aIndian Academy Of Sciences | |
| 260 |
_bThe Indian Academy Of Sciences _c1962 |
||
| 300 | _a145p | ||
| 650 | _aThe Indian Academy Of Sciences | ||
| 942 | _cREF | ||
| 999 |
_c35345 _d35345 |
||